00551nam a22000977a 4500040000800000082002800008100004600036245032000082260002600402300002500428 cRUA aAVM SAN 2025 B705 Or.1  aSAN LOZA, សាន​ ឡូហ្សា aCase of salmonella spp. in pork at market in ponley commune, baribour district, kampong chhnang province, ករណី Salmonella spp. លើសាច់ជ្រូកនៅផ្សារ ក្នុងឃុំពន្លៃ ស្រុកបរិបូណ៍ ខេត្តកំពង់ឆ្នាំង aPHNOM PENHbRUAc2025 aix,51p.bill.c29cm.